Ultimate Celebrity Baby Names (prior to June 19, 2014) - Statistics

General Stats
  • This quiz has been taken 751 times
    750 since last reset
  • The average score is 81 of 175
Answer Stats
Hint Answer % Correct
Neil Patrick Harris & David Burtka Harper Grace
83%
Gwyneth Paltrow & Chris Martin Apple Blythe Alison
82%
Will Smith & Jada Pinkett-Smith Willow Camille Reign
81%
Beyoncé & Jay-Z Blue Ivy
79%
Pink & Carey Hart Willow Sage
78%
Britney Spears & Kevin Federline Jayden James
77%
Victoria "Posh" Beckham & David Beckham Brooklyn
76%
Victoria "Posh Spice" Beckham & David Beckham Harper Seven
76%
Gwen Stefani & Gavin Rossdale Kingston James McGregor
76%
Jennifer Garner & Ben Affleck Seraphina Rose Elizabeth
76%
Prince William, Duke of Cambridge & Catherine, Duchess of Cambridge George Alexander Louis
75%
Will Smith & Jada Pinkett- Smith Jaden Christopher Syre
74%
Reese Witherspoon & Jim Toth Tennessee James
74%
Hugh Jackman & Deborra-Lee Furness Ava Eliot
73%
Nicole Kidman & Keith Urban Sunday Rose
73%
Nicole Richie & Joel Madden Sparrow James Midnight
72%
Reese Witherspoon & Ryan Phillipe Ava
71%
Kim Kardashian & Kanye West North "Nori" West
70%
Jennifer Garner & Ben Affleck Violet Anne
70%
Kelly Clarkson & Brandon Blackstock River Rose
69%
Fergie & Josh Duhamel Axl Jack
68%
Angelina Jolie & Brad Pitt Shiloh Nouvel
68%
Mariah Carey & Nick Cannon Moroccan Scott
67%
Victoria "Posh Spice" Beckham & David Beckham Romeo
67%
Jennifer Lopez & Marc Anthony Max
66%
Christina Aguilera & Jordan Bratman Max Liron
66%
Rebecca Romijn & Jerry O'Connell Dolly Rebecca Rose
65%
Chris Hemsworth & Elsa Pataky India Rose
65%
Freddie Prinze Jr. and Sarah Michelle Gellar Rocky James
65%
Donald & Melania Trump Barron William
64%
Kristin Cavallari & Jay Cutler Camden Jack
64%
Victoria "Posh" Beckham & David Beckham Cruz
64%
Angelina Jolie & Brad Pitt Knox Leon
64%
Dax Shepard & Kristen Bell Lincoln Rose
64%
Jessica Simpson & Eric Johnson Ace Knute
63%
Claudia Schiffer & Matthew Vaughn Cosima Violet
63%
Julia Roberts & Danny Moder Henry Daniel
63%
Tori Spelling & Dean McDermott Liam Aaron
63%
Angelina Jolie & Brad Pitt Maddox
63%
Kourtney Kardashian & Scott Disick Mason Dash
63%
Drew Barrymore & Will Kopelman | Isla Fisher & Sacha Baron Cohen Olive
63%
Tina Fey & Jeffrey Richmond Penelope Athena
63%
Jamie King & Kyle Newman James Knight
62%
Kourtney Kardashian & Scott Disick Penelope Scotland
62%
Jamie Oliver & Juliette Norton Poppy Honey Rosie
62%
Amy Poehler & Will Arnett Abel James
61%
Teri Hatcher & John Tenney Emerson Rose
61%
Naomi Watts & Liev Schreiber Samuel Kai
61%
Tom Cruise & Katie Holmes Suri
61%
Angelina Jolie & Brad Pitt Pax Thien
60%
Angelina Jolie & Brad Pitt Vivienne Marcheline
60%
Jamie Oliver & Juliette Norton Daisy Boo Pamela
59%
Jessica Simpson & Eric Johnson Maxwell Drew
59%
Gwyneth Paltrow & Chris Martin Moses
59%
Jessica Alba & Cash Warren Honor Marie
58%
Courteney Cox & David Arquette Coco Riley
57%
Meg Ryan Daisy True
57%
Nicole Richie & Joel Madden Harlow Winter Kate
57%
Madonna & Carlos Leon Lourdes
57%
Jamie Oliver & Juliette Norton Buddy Bear Maurice
56%
Madonna & Guy Ritchie David
56%
Jennifer Garner & Ben Affleck Samuel
56%
Vanessa & Nick Lachey Camden John
55%
Kelly Ripa & Mark Consuelos Lola Grace
55%
Naomi Watts & Liev Schrieber Alexander "Sasha" Pete
54%
Claire Danes & Hugh Dancy Cyrus Michael Christopher
54%
Anna Paquin & Stephen Moyer Poppy
54%
Nicole Kidman & Keith Urban Faith Margaret
53%
Kate Winslet & Sam Mendes Mia
53%
Kelly Ripa & Mark Consuelos Michael Joseph
53%
Angelina Jolie & Brad Pitt Zahara Marley
53%
Cate Blanchett & Andrew Upton Dashiell John
52%
Gwen Stefani & Gavin Rossdale Zuma Nesta Rock
52%
Katherine Heigl & Josh Kelley Adalaide Marie Hope
51%
Bruce Willis & Demi Moore Rumer
51%
Jennifer Lopez & Marc Anthony Emme
50%
Simon Cowell & Lauren Silverman Eric Phillip
49%
Emily Deschanel & David Hornsby Henry
49%
Sandra Bullock Louis Bardo
49%
Kate Winslet & Ned Rocknroll Bear Blaze
48%
Pharrell Williams & Helen Lasichanh Rocket Man
48%
Megan Fox & Brian Austin Green Noah Shannon
47%
Julia Roberts & Danny Moder Phinnaeus Walter
47%
Bruce Willis & Demi Moore Scout
47%
Bruce Willis & Demi Moore Tallulah
47%
Julia Roberts & Danny Moder Hazel Patricia
46%
Olivia Wilde & Jason Sudeikis Otis Alexander
46%
Britney Spears & Kevin Federline Sean Preston
46%
Brad & Kimberly Williams-Paisley William Huckleberry
46%
Rebecca Romijn & Jerry O'Connell Charlie Tamara Tulip
45%
Amy Poehler & Will Arnett Archibald "Archie" Emerson
44%
Anna Paquin & Stephen Moyer Charlie
44%
Bruce Willis & Emma Heming-Willis Evelyn Penn
44%
Cate Blanchett & Andrew Upton Roman Robert
44%
Ellen Pompeo & Chris Ivery Stella Luna
44%
Gwen Stefani & Gavin Rossdale Apollo Bowie Flynn
43%
Charlize Theron Jackson
43%
Madonna & Guy Ritchie Rocco
43%
Drew & Brittany Brees Baylen Robert
41%
Matthew McConaughey & Camila Alves Levi
41%
Bruce Willis & Emma Heming-Willis Mabel Ray
41%
Halle Berry & Oliver Martinez Maceo-Robert
41%
Mariah Carey & Nick Cannon Monroe
41%
Ginnifer Goodwin & Josh Dallas Oliver Finlay
41%
Jamie Oliver & Juliette Norton Petal Blossom Rainbow
41%
Kate Winslet & Sam Mendes Joe
40%
Owen Wilson & Jade Duell Robert Ford
39%
Neil Patrick Harris & David Burtka Gideon Scott
38%
Tori Spelling & Dean McDermott Stella Doreen
38%
Mark Ruffalo & Sunrise Coigney Bella
37%
Drew & Brittany Brees Bowen Christopher
37%
Ashlee Simpson & Pete Wentz Bronx Mowgli
37%
Reese Witherspoon & Ryan Phillipe Deacon
37%
Tori Spelling & Dean McDermott Hattie Margaret
37%
Tina Fey & Jeff Richmond Alice Zenobia
36%
Channing Tatum & Jenna Dewan Everly
36%
Miranda Kerr & Orlando Bloom Flynn
36%
Jessica Alba & Cash Warren Haven Garner
36%
Hugh Jackman & Deborra-Lee Furness Oscar Maximillian
36%
Keri Russell & Shane Dreary River
36%
Natalie Portman & Benjamin Millepied Aleph
35%
James McAvoy & Anne-Marie Duff Andrew
35%
Owen Wilson & Caroline Lindqvist Finn
35%
Tori Spelling & Dean McDermott Finn Davey
35%
Jason Bateman & Amanda Anka Francesca Nora
35%
Drew Barrymore & Will Kopelman Frankie
35%
Alyson Hannigan & Alexis Denisof Keeva Jane
35%
Kate Hudson & Matthew Bellamy Bingham "Bing"
33%
Nicolas Cage & Alice Kim Kal-El Coppola
33%
Will Ferrell & Viveca Paulin Axel
32%
Taye Diggs & Idina Menzel Walker Nathaniel
32%
Megan Fox & Brian Austin Green Bodhi Ransom
31%
Kate Hudson & Chris Robinson Ryder
31%
Matthew McConaughey & Camila Alves Vida
31%
Kristin Cavallari & Jay Cutler Jaxon Wyatt
30%
Matthew McConaughey & Camila Alves) Livingston
30%
Halle Berry & Gabriel Aubry Nahla Ariela
30%
Claudia Schiffer & Matthew Vaughn Clementine
29%
Cate Blanchett & Andrew Upton Ignatius Martin
29%
Liv Tyler and Royston Langdon Milo
29%
Alicia Keys & Swizz Beatz Egypt Daoud
27%
Jason Lee & Beth Riesgraf Pilot Inspektor
27%
Kevin Costner & Christine Baumgartner Hayes Logan
26%
Katherine Heigl & Josh Kelley Naleigh
26%
Rachel Griffiths & Andrew Taylor Banjo Patrick
25%
Claudia Schiffer & Matthew Vaughn Caspar
25%
Céline Dion & René Angélil Eddy
24%
Vince Vaughn & Kyla Weber Locklyn Kyla
24%
Jason Bateman & Amanda Anka Matilda
24%
Ricky Martin Matteo
24%
Shakira & Gerard Piqué Milan
24%
Céline Dion & René Angélil Nelson
24%
Mariska Hargitay & Peter Hermann August
23%
Amy Adams & Darren Legallo Aviana Olea
23%
Drew & Brittany Brees Callen Christian
23%
Will Ferrell & Viveca Paulin Magnus
23%
Kimberly Williams-Paisley & Brad Paisley Jasper Warren
22%
Jason Bateman & Amanda Anka Maple Sylvie
22%
Alyson Hannigan & Alexis Denisof Satyana
22%
Kelly Ripa & Mark Consuelos Joaquin Antonio
21%
Will Ferrell & Viveca Paulin Mattias
21%
Penn & Emily Jillette Moxie Crimefighter
21%
Mark Ruffalo & Sunrise Coigney Odette
21%
Chris Hemsworth & Elsa Pataky Tristan
21%
Penn & Emily Jillette Zolten Penn
21%
Mark Ruffalo & Sunrise Coigney Keen
20%
Ricky Martin Valentino
20%
Ethan & Ryan Hawke Indiana
19%
Russell Crowe & Danielle Spencer Tennyson
19%
Susan & Robert Downey Jr. Exton Elias
17%
Paul Walker Meadow Rain
16%
Jason & Ceren Lee Sonny
15%
Eric & Katherine Church Boone McCoy
14%
Ben Stiller & Christine Taylor Quintin Dempsey
14%
No matching quizzes found
Score Distribution
Percent of People with Each Score
Percentile by Number Answered
Your Score History
You have not taken this quiz since the last reset